000 02361cam a2200301 i 4500
001 16421
003 DO-SdUEMH
005 20251206174536.0
007 ta
008 211105s2004 dr a|||g||||||||| |dspa|d
040 _aDO-SdUEMH
_bspa
_erda
041 _hspa
082 0 4 _mRD
_a352.745
_bB457h
100 1 _aBencosme, Sergio,
_d1920-
_eaut
_995
245 1 0 _aHistoria del desarrollo científico e investigativo de un dominicano /
_cSergio Bencosme
264 1 _aSanto Domingo, República Dominicana :
_bSecretaría de Estado de Educación Superior, Ciencia y Tecnología,
_c2004
264 1 _aSanto Domingo, República Dominicana :
_bEmbajada de los Estados Unidos de América, en República Dominicana,
_c2004
300 _a518 paginas ;
_b25 cm.
336 _2rdacontent
_atexto
_btxt
337 _2rdamedia
_asin mediación
_bn
338 _2rdacarrier
_avolumen
_bnc
505 2 _gGuía para el lector del libro -- Prólogo -- Prefacio -- Reconocimiento -- Curriculum vitae ampliado -- Cap. 1 De estudiante de medicina en el país hasta el profesional en Canadá -- Cap. 2 Trabajos de mayor relevancia e impacto -- Cap. 3 Mi puerta para retornar al país proyecto Queen's - Unphu-CEA-CIDA -- Cap. 4 Propuesta de cooperación entre la Universidad de Queen's y la Universidad Nacional Pedro Henríquez Ureña (UNPHU) para el desarrollo de programas en el campo de educación biomédica y entrega del cuidado de salud -- Reporte del progreso del Proyecto Queen's-UNPHU-CEA-CIDA -- Cultura del desarrollo de la investigación, educación y práctica médica en el complejo: Pontificia Universidad Católica Madre y Maestra y Hospital Regional Universitario José María Cabral y Báez -- Lista de estudiantes de investigación y colaboradores -- Siglas y abreviaturas de las investigaciones y publicaciones en la República Dominicana -- Lista de investigaciones y publicaciones en la República Dominicana, Sergio A. Bencosme, colaboradores y discípulos -- Resumen de investigaciones -- Reflexiones finales. Investigación autóctona en medicina en el gobierno-Estado dominicano -- Documento revisado del comité de biomédica y medicina clínica.
650 4 _aCiencia y Estado
_92566
650 4 _aInvestigación científica
_zRepública Dominicana
_92915
650 4 _aMédicos forenses
_zRepública Dominicana
_93103
942 _2ddc
_cBK
_n0
999 _c16421
_d16421